[Event "Esp-tch 2011 División Honor"]
[Site "Melilla ESP"]
[Date "2011.11.25"]
[Round "6"]
[White "Andrade Salgado, Miguel"]
[Black "Rocha, Sergio"]
[Result "1-0"]
[WhiteElo "1900"]
[BlackElo "2410"]
[PlyCount "103"]
[EventDate "2011.11.21"]
[EventType "team"]
[EventRounds "6"]
[EventCountry "ESP"]
[Source "lmi"]
[SourceDate "2011.11.21"]

1. e4 e6 2. d4 d5 3. Nc3 Bb4 4. e5 c5 5. a3 Bxc3+ 6. bxc3 Ne7 7. Qg4 Qc7 8.
Qxg7 Rg8 9. Qxh7 cxd4 10. Qd3 Qxe5+ 11. Ne2 dxc3 12. Bf4 Qf6 13. Qxc3 Nd7 14.
Qxf6 Nxf6 15. Be5 Nd7 16. Bb2 f6 17. c4 Kf7 18. cxd5 Nxd5 19. Rc1 N7b6 20. Nc3
Bd7 21. Nxd5 Nxd5 22. h4 Bc6 23. Rh2 Rad8 24. g3 e5 25. h5 Rh8 26. Rh4 Rdg8 27.
Be2 Rg5 28. Rd1 Ke6 29. Bc1 Rgg8 30. Bc4 Rd8 31. f4 exf4 32. Bxf4 Kf5 33. Bc1
Nc3 34. Rf4+ Ke5 35. Rd3 Rxd3 36. Bxd3 Nd5 37. Rh4 Ne7 38. h6 Ke6 39. Rg4 Nf5
40. Rg6 Be8 41. Rg8 Rxg8 42. Bc4+ Ke7 43. Bxg8 Kf8 44. h7 Kg7 45. Bb2 Kh8 46.
Bxf6+ Ng7 47. Bd4 b6 48. Kd2 Bg6 49. Kc3 Bxh7 50. Bxh7 Kxh7 51. Bxg7 Kxg7 52.
Kc4 1-0

[Event "Esp-tch 2011 División Honor"]
[Site "Melilla ESP"]
[Date "2011.11.25"]
[Round "6"]
[White "Carrasco Martinez, Juan M"]
[Black "Graf, Alexander"]
[Result "1/2-1/2"]
[WhiteElo "2375"]
[BlackElo "2633"]
[PlyCount "115"]
[EventDate "2011.11.21"]
[EventType "team"]
[EventRounds "6"]
[EventCountry "ESP"]
[Source "lmi"]
[SourceDate "2011.11.21"]

1. d4 Nf6 2. Nf3 d5 3. c4 e6 4. e3 c5 5. cxd5 exd5 6. Bb5+ Bd7 7. Bxd7+ Nbxd7
8. dxc5 Nxc5 9. O-O Be7 10. Bd2 O-O 11. Bc3 Nfe4 12. Bd4 Ne6 13. Nc3 Rc8 14.
Qa4 a6 15. Rac1 Rc4 16. Qb3 b5 17. Rfd1 Nxd4 18. Nxd4 Nxc3 19. Rxc3 Bf6 20.
Rcd3 Qa5 21. a3 Bxd4 22. Rxd4 Rxd4 23. exd4 Re8 24. Kf1 Qc7 25. g3 Qc4+ 26. Qd3
g6 27. b3 Qc8 28. Kg2 h5 29. h4 Kg7 30. Qf3 Qc2 31. Rd3 Re6 32. Rc3 Qb2 33. Rc5
Qxd4 34. Rxd5 Qb2 35. b4 Qc2 36. Rc5 Qd2 37. Rc6 Qe1 38. Rxe6 Qxe6 39. Qb7 Kf6
40. Qf3+ Ke5 41. Qc3+ Kd6 42. Qc5+ Kd7 43. Qa7+ Ke8 44. Qb7 Kf8 45. Qa8+ Kg7
46. Qb7 Qd6 47. Qf3 Qe6 48. Qb7 Qf6 49. Qa8 Qe6 50. Qb7 Qd6 51. Qf3 f5 52. Qb7+
Kf6 53. Qa8 Ke5 54. Qh8+ Ke6 55. Qc8+ Kf7 56. Qb7+ Kf6 57. Qa8 Ke5 58. Qh8+
1/2-1/2

[Event "Esp-tch 2011 División Honor"]
[Site "Melilla ESP"]
[Date "2011.11.25"]
[Round "6"]
[White "Kuzubov, Yuriy"]
[Black "Mchedlishvili, Mikheil"]
[Result "1/2-1/2"]
[WhiteElo "2621"]
[BlackElo "2636"]
[PlyCount "83"]
[EventDate "2011.11.21"]
[EventType "team"]
[EventRounds "6"]
[EventCountry "ESP"]
[Source "lmi"]
[SourceDate "2011.11.21"]

1. e4 e5 2. Nf3 Nc6 3. Bb5 a6 4. Ba4 Nf6 5. O-O Be7 6. Re1 b5 7. Bb3 d6 8. c3
O-O 9. d4 Bg4 10. d5 Na5 11. Bc2 c6 12. h3 Bc8 13. dxc6 Qc7 14. Nbd2 Qxc6 15.
Nf1 Be6 16. Ng3 Rfe8 17. Nh2 Rac8 18. Ng4 Nxg4 19. hxg4 Nc4 20. Nf5 Bf8 21. Qf3
d5 22. Qh3 g6 23. Nh6+ Kg7 24. Qf3 Be7 25. g5 d4 26. Qg3 dxc3 27. bxc3 Bc5 28.
Bb3 Qc7 29. Bxc4 bxc4 30. Be3 Red8 31. Bxc5 Qxc5 32. Re3 Rb8 33. Rf3 Rb2 34. a4
Rd3 35. Rf1 Qd6 36. Kh2 Rb3 37. Rc1 a5 38. Ng4 Rxf3 39. Qxf3 Bxg4 40. Qxg4 Qd2
41. Qg3 Qxc1 42. Qxe5+ 1/2-1/2

[Event "Esp-tch 2011 División Honor"]
[Site "Melilla ESP"]
[Date "2011.11.25"]
[Round "6"]
[White "Illescas Cordoba, Miguel"]
[Black "Rivas Pastor, Manuel"]
[Result "0-1"]
[WhiteElo "2609"]
[BlackElo "2556"]
[PlyCount "80"]
[EventDate "2011.11.21"]
[EventType "team"]
[EventRounds "6"]
[EventCountry "ESP"]
[Source "lmi"]
[SourceDate "2011.11.21"]

1. d4 e6 2. c4 Bb4+ 3. Nc3 b6 4. Qc2 c5 5. d5 exd5 6. cxd5 Nf6 7. Bd2 O-O 8.
O-O-O Re8 9. f3 Ba6 10. Nh3 d6 11. e4 Bxf1 12. Rhxf1 Nbd7 13. Kb1 Bxc3 14. Bxc3
b5 15. Nf2 b4 16. Bxf6 Qxf6 17. Ng4 Qe7 18. Ne3 g6 19. Nc4 Ne5 20. Ne3 Rac8 21.
f4 Nd7 22. Nc4 Nb6 23. Rfe1 Nxc4 24. Qxc4 Qh4 25. g3 Qxh2 26. Re3 Qh5 27. Rde1
Qg4 28. b3 f6 29. Qa6 Qd7 30. R1e2 Re7 31. e5 fxe5 32. fxe5 Qf5+ 33. Kc1 Rd8
34. Qc4 Rxe5 35. Rxe5 dxe5 36. d6+ Kg7 37. Kb2 e4 38. Rxe4 Qf6+ 39. Kc2 Rxd6
40. g4 Rd5 0-1

[Event "Esp-tch 2011 División Honor"]
[Site "Melilla ESP"]
[Date "2011.11.25"]
[Round "6"]
[White "Ibarra Jerez, Jose Carlos"]
[Black "Vera Gonzalez-Quevedo, Reynaldo"]
[Result "1-0"]
[WhiteElo "2515"]
[BlackElo "2482"]
[PlyCount "165"]
[EventDate "2011.11.21"]
[EventType "team"]
[EventRounds "6"]
[EventCountry "ESP"]
[Source "lmi"]
[SourceDate "2011.11.21"]

1. e4 c5 2. b3 d6 3. Bb2 Nc6 4. f4 e6 5. Nf3 Nf6 6. Qe2 Be7 7. g3 O-O 8. Bg2 b6
9. O-O Bb7 10. d3 Qc7 11. Nc3 a6 12. Nd1 b5 13. Ne3 d5 14. e5 Nd7 15. c4 bxc4
16. bxc4 d4 17. Ng4 Rab8 18. Bc1 Ba8 19. h4 Rb6 20. Ng5 Bxg5 21. hxg5 Ne7 22.
Bxa8 Rxa8 23. Qh2 Nf5 24. Nf2 Rab8 25. Ne4 Rb1 26. Rxb1 Rxb1 27. g4 Ne7 28. Qc2
Qb6 29. Nd2 Ra1 30. Nb3 Rxc1 31. Rxc1 Ng6 32. Rf1 Qc6 33. Qg2 Qa4 34. Qd2 Nh4
35. Kh2 Qc6 36. Kg3 Ng6 37. Qg2 Qc7 38. Qa8+ Ngf8 39. Qxa6 h6 40. Qa5 Qb8 41.
Nxc5 hxg5 42. Nxd7 Nxd7 43. Qd2 gxf4+ 44. Qxf4 Nxe5 45. g5 Qd6 46. Re1 f6 47.
gxf6 gxf6 48. Re4 Kg7 49. Rxd4 Qb6 50. Qe3 Qb8 51. Kh3 Qa8 52. Rh4 Nf7 53. Rg4+
Ng5+ 54. Rxg5+ fxg5 55. Qxg5+ Kf7 56. Qf4+ Ke7 57. Qf2 Qa3 58. Qd2 Kd7 59. Kg2
Qa8+ 60. Kf2 Qh1 61. Qf4 Qa1 62. Qf7+ Kd6 63. Qf8+ Kd7 64. Qa3 Qd1 65. Ke3 Qe1+
66. Kd4 Qa1+ 67. Kc5 Qe5+ 68. Kb4 Qb8+ 69. Kc3 Qe5+ 70. Kb3 Qd4 71. Qa4+ Kc7
72. Qa5+ Kc8 73. Qa6+ Kc7 74. c5 Qe3 75. Qd6+ Kb7 76. c6+ Kb6 77. Qb4+ Kxc6 78.
Qe4+ Qxe4 79. dxe4 Kb5 80. a4+ Kc5 81. Kc3 e5 82. Kb3 Kd4 83. a5 1-0

[Event "Esp-tch 2011 División Honor"]
[Site "Melilla ESP"]
[Date "2011.11.25"]
[Round "6"]
[White "Cabrera Trujillo, Jorge"]
[Black "Lalic, Bogdan"]
[Result "1/2-1/2"]
[WhiteElo "2353"]
[BlackElo "2454"]
[PlyCount "54"]
[EventDate "2011.11.21"]
[EventType "team"]
[EventRounds "6"]
[EventCountry "ESP"]
[Source "lmi"]
[SourceDate "2011.11.21"]

1. e4 e5 2. Nf3 Nc6 3. Bb5 a6 4. Bxc6 dxc6 5. O-O Qf6 6. d4 exd4 7. Bg5 Qd6 8.
Qxd4 Qxd4 9. Nxd4 Bd7 10. Nc3 Ne7 11. Rad1 O-O-O 12. Rd2 h6 13. Be3 Ng6 14. b3
Bg4 15. h3 Bb4 16. hxg4 Bxc3 17. Rd3 Bxd4 18. Rxd4 Rxd4 19. Bxd4 f6 20. f3 Rd8
21. Be3 b6 22. Kf2 c5 23. Ke2 a5 24. f4 Re8 25. Kd3 Rd8+ 26. Ke2 Re8 27. Kd3
Rd8+ 1/2-1/2

[Event "Esp-tch 2011 División Honor"]
[Site "Melilla ESP"]
[Date "2011.11.25"]
[Round "6"]
[White "Kasimdzhanov, Rustam"]
[Black "Ubilava, Elizbar"]
[Result "1-0"]
[WhiteElo "2675"]
[BlackElo "2527"]
[PlyCount "134"]
[EventDate "2011.11.21"]
[EventType "team"]
[EventRounds "6"]
[EventCountry "ESP"]
[Source "lmi"]
[SourceDate "2011.11.21"]

1. d4 d5 2. c4 e6 3. Nc3 Be7 4. cxd5 exd5 5. Bf4 Nf6 6. e3 Bf5 7. Nge2 O-O 8.
Rc1 Be6 9. a3 a6 10. Ng3 Nbd7 11. Bd3 c5 12. O-O g6 13. dxc5 Nxc5 14. Bc2 Rc8
15. h3 b5 16. Be5 Nfd7 17. Bd4 Nb6 18. Nce2 Nc4 19. Nf4 Bf6 20. Rb1 Qe7 21. Re1
Rfd8 22. Nge2 Ne4 23. Bxf6 Qxf6 24. Nd4 Ned2 25. Rc1 Ne4 26. Bxe4 dxe4 27. b3
Ne5 28. Ndxe6 Rxc1 29. Qxc1 fxe6 30. Qc7 Nd3 31. Rf1 Rf8 32. Qc6 e5 33. Qxf6
Rxf6 34. Nd5 Rd6 35. Nc3 Nc5 36. b4 Rd3 37. Nxb5 axb5 38. bxc5 Rc3 39. Rd1 Rxc5
40. Rd8+ Kg7 41. Rd7+ Kh6 42. g4 g5 43. Kg2 Kg6 44. Ra7 Rc3 45. Ra6+ Kf7 46.
Ra5 Kf6 47. Rxb5 Rxa3 48. Rb6+ Kg7 49. Rb5 Kf6 50. Rb6+ Kg7 51. Rb4 Ra5 52.
Rxe4 Kg6 53. Rc4 Ra6 54. Rc8 Re6 55. Rg8+ Kf6 56. Rf8+ Kg6 57. Rg8+ Kf6 58. Kg3
h6 59. h4 Kf7 60. Ra8 Kg7 61. Ra7+ Kg8 62. hxg5 hxg5 63. Kf3 e4+ 64. Ke2 Re5
65. Kd2 Rd5+ 66. Kc3 Rd3+ 67. Kc2 Kf8 1-0

[Event "Esp-tch 2011 División Honor"]
[Site "Melilla ESP"]
[Date "2011.11.25"]
[Round "6"]
[White "Tejedor Fuentes, Enrique"]
[Black "Gonzalez De La Torre, Santiago"]
[Result "0-1"]
[WhiteElo "2225"]
[BlackElo "2431"]
[PlyCount "82"]
[EventDate "2011.11.21"]
[EventType "team"]
[EventRounds "6"]
[EventCountry "ESP"]
[Source "lmi"]
[SourceDate "2011.11.21"]

1. e4 d5 2. exd5 Qxd5 3. Nc3 Qa5 4. d4 Nf6 5. Nf3 c6 6. Bc4 Bf5 7. Bd2 e6 8.
Nd5 Qd8 9. Nxf6+ gxf6 10. Bf4 Bd6 11. Bg3 Bg6 12. Qe2 Qa5+ 13. c3 Bxg3 14. hxg3
Nd7 15. O-O Qf5 16. Rfd1 Nb6 17. Bd3 Qh5 18. b3 c5 19. Bxg6 hxg6 20. Qb5+ Nd7
21. Kf1 O-O-O 22. dxc5 Ne5 23. c6 bxc6 24. Qa6+ Kb8 25. Qa5 Rd5 26. Rxd5 cxd5
27. Qb5+ Ka8 28. Ke2 Rc8 29. Rc1 Qg4 30. Kf1 Rh8 31. Kg1 Qh5 32. Kf1 Qh1+ 33.
Ng1 Rh2 34. Qe8+ Kb7 35. Qb5+ Kc7 36. Qa5+ Kc8 37. Qa6+ Kd8 38. Qa5+ Ke8 39.
Qxa7 Qxg2+ 40. Ke2 Qe4+ 41. Qe3 Rxf2+ 0-1

[Event "Esp-tch 2011 División Honor"]
[Site "Melilla ESP"]
[Date "2011.11.26"]
[Round "7"]
[White "Van Wely, Loek"]
[Black "Edouard, Romain"]
[Result "1-0"]
[PlyCount "89"]
[EventDate "2011.11.21"]
[EventType "team"]
[EventRounds "6"]
[EventCountry "ESP"]
[Source "lmi"]
[SourceDate "2011.11.21"]
[WhiteElo "2686"]
[BlackElo "2621"]

1. d4 Nf6 2. c4 g6 3. Nf3 Bg7 4. g3 d5 5. Bg2 dxc4 6. Na3 c3 7. bxc3 O-O 8. O-O
c5 9. e3 Nc6 10. Qe2 Bf5 11. Rd1 Qa5 12. Bb2 cxd4 13. cxd4 Rac8 14. Nd2 Bg4 15.
f3 Bd7 16. Nb3 Qd8 17. Nc4 Nb4 18. Rdc1 Bb5 19. a4 Ba6 20. Bf1 Nbd5 21. Qe1 Bh6
22. f4 Nb6 23. Ncd2 Bxf1 24. Qxf1 Rxc1 25. Bxc1 Qd5 26. Qd3 Rc8 27. Ba3 Bf8 28.
e4 Qh5 29. Nc5 e6 30. Nf3 Rc7 31. Rb1 Nfd7 32. Rb5 Qh6 33. a5 Nc8 34. Nxd7 Rxd7
35. Ne5 Rc7 36. Ng4 Qh3 37. Nf6+ Kh8 38. d5 Bxa3 39. Qxa3 Nd6 40. Rc5 Rxc5 41.
Qxc5 Kg7 42. Qc3 Nb5 43. Qb2 a6 44. Nd7+ Kh6 45. Qh8 1-0

[Event "Esp-tch 2011 División Honor"]
[Site "Melilla ESP"]
[Date "2011.11.26"]
[Round "7"]
[White "San Segundo Carrillo, Pablo"]
[Black "Romero Holmes, Alfonso"]
[Result "1/2-1/2"]
[BlackElo "2488"]
[PlyCount "29"]
[EventDate "2011.11.21"]
[EventType "team"]
[EventRounds "6"]
[EventCountry "ESP"]
[Source "lmi"]
[SourceDate "2011.11.21"]
[WhiteElo "2509"]

1. d4 Nf6 2. c4 g6 3. Nc3 Bg7 4. e4 d6 5. Nf3 O-O 6. Be2 Bg4 7. Be3 Nfd7 8. Qd2
e5 9. d5 Bxf3 10. Bxf3 f5 11. Bg5 Bf6 12. Bh6 Bg7 13. Bg5 Bf6 14. Bh6 Bg7 15.
Bg5 1/2-1/2

[Event "Esp-tch 2011 División Honor"]
[Site "Melilla ESP"]
[Date "2011.11.26"]
[Round "7"]
[White "Mchedlishvili, Mikheil"]
[Black "Ganguly, Surya Shekhar"]
[Result "1/2-1/2"]
[PlyCount "66"]
[EventDate "2011.11.21"]
[EventType "team"]
[EventRounds "6"]
[EventCountry "ESP"]
[Source "lmi"]
[SourceDate "2011.11.21"]
[WhiteElo "2636"]
[BlackElo "2625"]

1. d4 Nf6 2. c4 e6 3. Nf3 d5 4. Nc3 Be7 5. Bg5 h6 6. Bxf6 Bxf6 7. e3 O-O 8. Rc1
c6 9. Bd3 Nd7 10. O-O dxc4 11. Bxc4 e5 12. h3 exd4 13. exd4 Nb6 14. Bb3 Bf5 15.
Re1 Re8 16. Rxe8+ Qxe8 17. Qd2 Qd7 18. Re1 a5 19. a3 Re8 20. Rxe8+ Qxe8 21. Qf4
Be6 22. Bxe6 Qxe6 23. Qb8+ Qc8 24. Qa7 Nc4 25. Qc5 Qe6 26. d5 cxd5 27. Nxd5
Nxb2 28. Qxa5 Nc4 29. Qa8+ Kh7 30. Nxf6+ Qxf6 31. Qxb7 Nxa3 32. Qb3 Qe7 33. g3
Kg8 1/2-1/2

[Event "Esp-tch 2011 División Honor"]
[Site "Melilla ESP"]
[Date "2011.11.26"]
[Round "7"]
[White "Rivas Pastor, Manuel"]
[Black "Delchev, Aleksander"]
[Result "1-0"]
[PlyCount "57"]
[EventDate "2011.11.21"]
[EventType "team"]
[EventRounds "6"]
[EventCountry "ESP"]
[Source "lmi"]
[SourceDate "2011.11.21"]
[WhiteElo "2556"]
[BlackElo "2629"]

1. d4 Nf6 2. Nf3 g6 3. Nbd2 d5 4. e3 Bg7 5. Be2 c5 6. dxc5 Nfd7 7. Nb3 Nxc5 8.
Nxc5 Qa5+ 9. Nd2 Qxc5 10. Nb3 Qc6 11. Na5 Qd7 12. c4 b6 13. Bf3 bxa5 14. Qxd5
Nc6 15. Qxc6 Rb8 16. Qxd7+ Bxd7 17. Rb1 O-O 18. Be4 Rfc8 19. b3 Bc6 20. Bxc6
Rxc6 21. Ke2 Rxc4 22. bxc4 Rxb1 23. Rd1 Ra1 24. Rd8+ Bf8 25. Kd1 e5 26. Kc2
Rxa2+ 27. Kb3 Ra1 28. Bb2 a4+ 29. Kc2 1-0

[Event "Esp-tch 2011 División Honor"]
[Site "Melilla ESP"]
[Date "2011.11.26"]
[Round "7"]
[White "Ubilava, Elizbar"]
[Black "Ibarra Jerez, Jose Carlos"]
[Result "0-1"]
[PlyCount "112"]
[EventDate "2011.11.21"]
[EventType "team"]
[EventRounds "6"]
[EventCountry "ESP"]
[Source "lmi"]
[SourceDate "2011.11.21"]
[WhiteElo "2527"]
[BlackElo "2515"]

1. d4 d6 2. Nf3 Bg4 3. c4 Nd7 4. e4 Bxf3 5. Qxf3 g6 6. Qd1 Bg7 7. Nc3 c5 8. d5
Bxc3+ 9. bxc3 Qa5 10. Bd2 Ngf6 11. f3 O-O-O 12. Qb3 Rdg8 13. Rb1 Qc7 14. Qa4
Kb8 15. Be2 g5 16. Kf2 g4 17. Qc6 Ne5 18. Qxc7+ Kxc7 19. Rbe1 gxf3 20. gxf3 Rg6
21. Reg1 Rhg8 22. Rxg6 Rxg6 23. h4 Nfd7 24. h5 Rg8 25. f4 Ng4+ 26. Kf3 f5 27.
exf5 Nh6 28. Bd3 Nf6 29. Be1 Rg7 30. Bh4 Nhg8 31. h6 Rf7 32. Bg5 Rf8 33. Rg1
Kd8 34. Rb1 Kc7 35. Bc2 Rf7 36. Ba4 Rf8 37. Rg1 Kd8 38. Rg2 Kc7 39. Ke3 Kd8 40.
Bc2 Rf7 41. Kf3 Rf8 42. Kg3 Rf7 43. Kh4 Rf8 44. Rg1 Kc7 45. Re1 Kd8 46. Bd1 Kd7
47. Re6 Rf7 48. Bf3 Rf8 49. Bh5 Kd8 50. Bg6 Kd7 51. Bxf6 Nxf6 52. Kg5 Kd8 53.
Bxh7 Nxh7+ 54. Kg6 Nf6 55. Kg7 Ke8 56. h7 Rf7+ 0-1

[Event "Esp-tch 2011 División Honor"]
[Site "Melilla ESP"]
[Date "2011.11.26"]
[Round "7"]
[White "Lalic, Bogdan"]
[Black "Perez Candelario, Manuel"]
[Result "1-0"]
[PlyCount "89"]
[EventDate "2011.11.21"]
[EventType "team"]
[EventRounds "6"]
[EventCountry "ESP"]
[Source "lmi"]
[SourceDate "2011.11.21"]
[WhiteElo "2454"]
[BlackElo "2558"]

1. d4 d5 2. c4 c6 3. Nc3 Nf6 4. e3 a6 5. Qc2 b5 6. b3 Bg4 7. Nge2 Bh5 8. Nf4
Bg6 9. Nxg6 hxg6 10. g3 e6 11. Bg2 Nbd7 12. O-O Be7 13. e4 dxe4 14. Nxe4 Rc8
15. Ng5 O-O 16. Rd1 Qc7 17. h4 Rfd8 18. Qe2 Nb6 19. Bf4 Qa7 20. Bh3 Re8 21.
Nxf7 Kxf7 22. Bxe6+ Kf8 23. Bxc8 Rxc8 24. Rac1 Qd7 25. Be3 Qh3 26. Qf3 bxc4 27.
bxc4 Qe6 28. d5 cxd5 29. cxd5 Nbxd5 30. Rxc8+ Qxc8 31. Rxd5 Qa8 32. Rf5 Qb8 33.
Rf4 Qb1+ 34. Kg2 Qxa2 35. Qc6 Kg8 36. Qc4+ Qxc4 37. Rxc4 Nd5 38. Ra4 Nc7 39.
Bb6 Bd6 40. Bxc7 Bxc7 41. Rxa6 Kh7 42. f4 Bd8 43. Kh3 Be7 44. g4 Bb4 45. g5 1-0

[Event "Esp-tch 2011 División Honor"]
[Site "Melilla ESP"]
[Date "2011.11.26"]
[Round "7"]
[White "Aleksandrov, Aleksej"]
[Black "Jobava, Baadur"]
[Result "1/2-1/2"]
[PlyCount "70"]
[EventDate "2011.11.21"]
[EventType "team"]
[EventRounds "6"]
[EventCountry "ESP"]
[Source "lmi"]
[SourceDate "2011.11.21"]
[WhiteElo "2626"]
[BlackElo "2678"]

1. d4 Nf6 2. c4 e6 3. Nc3 Bb4 4. e3 c5 5. Bd3 cxd4 6. exd4 d5 7. Nf3 dxc4 8.
Bxc4 O-O 9. O-O Nc6 10. a3 Bd6 11. Re1 h6 12. Ne5 Bc7 13. Nxc6 bxc6 14. Na4 Rb8
15. b3 e5 16. dxe5 Qxd1 17. Rxd1 Bxe5 18. Ra2 Nd5 19. Re2 Bf6 20. h3 Be6 21.
Rde1 Nc7 22. Nc5 Bxc4 23. bxc4 Rfd8 24. Bf4 Rbc8 25. Rb1 Rd4 26. Re4 Re8 27.
Rxe8+ Nxe8 28. Be3 Rd8 29. Nb7 Rd3 30. Na5 Nd6 31. Bc5 Ne4 32. Bxa7 Rxa3 33.
Nxc6 Nd2 34. Rd1 Ne4 35. Rb1 Rd3 1/2-1/2

[Event "Esp-tch 2011 División Honor"]
[Site "Melilla ESP"]
[Date "2011.11.26"]
[Round "7"]
[White "Inarkiev, Ernesto"]
[Black "Illescas Cordoba, Miguel"]
[Result "1-0"]
[PlyCount "111"]
[EventDate "2011.11.21"]
[EventType "team"]
[EventRounds "6"]
[EventCountry "ESP"]
[Source "lmi"]
[SourceDate "2011.11.21"]
[WhiteElo "2686"]
[BlackElo "2609"]

1. e4 c6 2. d4 d5 3. e5 Bf5 4. Nf3 e6 5. Be2 Ne7 6. Nbd2 c5 7. dxc5 Nec6 8. Nb3
Bxc5 9. O-O Be7 10. Re1 O-O 11. Bf4 Bg6 12. Bd3 Bxd3 13. Qxd3 Nd7 14. c3 Re8
15. Re2 Qb6 16. Nfd2 Nc5 17. Nxc5 Bxc5 18. Nf3 Qa6 19. Qxa6 bxa6 20. Ne1 Rac8
21. Nd3 Bb6 22. b3 Re7 23. Kf1 Rec7 24. Bd2 Nb8 25. Nb2 Nd7 26. Rd1 Ba5 27. Na4
h5 28. Be1 Nb6 29. Nxb6 Bxb6 30. Rd3 a5 31. Rh3 g6 32. Rh4 d4 33. c4 a4 34. Rh3
a5 35. Rb2 Rc5 36. f4 Ba7 37. Rd3 f6 38. Rxd4 axb3 39. axb3 fxe5 40. Rd7 Bb8
41. Ra2 Bc7 42. Bf2 Rc6 43. fxe5 Rf8 44. Ke2 Rf5 45. Bd4 Bb6 46. c5 Rxc5 47.
Bxc5 Rxe5+ 48. Kd3 Rxc5 49. Rc2 Rxc2 50. Kxc2 Bc5 51. Kd3 Kf8 52. h3 g5 53. Rh7
h4 54. Rb7 Be7 55. Ra7 Bb4 56. Ke4 1-0

[Event "Esp-tch 2011 División Honor"]
[Site "Melilla ESP"]
[Date "2011.11.26"]
[Round "7"]
[White "Korneev, Oleg"]
[Black "Salgado Lopez, Ivan"]
[Result "1/2-1/2"]
[BlackElo "2621"]
[PlyCount "91"]
[EventDate "2011.11.21"]
[EventType "team"]
[EventRounds "6"]
[EventCountry "ESP"]
[Source "lmi"]
[SourceDate "2011.11.21"]
[WhiteElo "2608"]

1. e4 c5 2. Nf3 d6 3. d4 cxd4 4. Nxd4 Nf6 5. Nc3 a6 6. Be3 Nc6 7. f3 e6 8. Qd2
Be7 9. O-O-O O-O 10. g4 Nxd4 11. Bxd4 Nd7 12. Kb1 b5 13. h4 b4 14. Na4 Bb7 15.
g5 Bc6 16. b3 Bxa4 17. bxa4 Nb6 18. Bxb6 Qxb6 19. Bc4 Rfd8 20. Bb3 Rac8 21. f4
Rc5 22. f5 exf5 23. Rhf1 Qa5 24. Qe2 g6 25. exf5 Re5 26. Qg2 d5 27. f6 Bf8 28.
h5 gxh5 29. Qh3 Rxg5 30. Rg1 Rg6 31. Qxh5 Qb6 32. Rxg6+ fxg6 33. Rxd5 Kh8 34.
Qe5 Rd6 35. a5 Qd8 36. Rxd6 Qxd6 37. Qxd6 Bxd6 38. Bc4 Bc7 39. Bxa6 Bxa5 40.
Kb2 Bc7 41. Kb3 Bd6 42. Kc4 Kg8 43. Kd5 Bf4 44. Ke6 Kf8 45. Bd3 Be3 46. Be4
1/2-1/2